The American Heritage book of English usage.

Bibliographic Details
Format: Book
Language:English
Published: Boston : Houghton Mifflin, [1996]
Subjects:

MARC

Tag First Indicator Second Indicator Subfields
LEADER 00000cam a22000008a 4500
001 in00001307253
005 20151005060302.0
008 960220s1996 mau 001 0 eng
010 |a  96006802  
020 |a 0395767865 
020 |a 0395767857 (pbk.) 
035 |a (OCoLC)34281952 
035 |9 AHB1978AM 
040 |a DLC  |c DLC  |d TXA  |d UtOrBLW 
049 |a TXAM 
050 0 0 |a PE1460  |b .A57 1996 
082 0 0 |a 428/.003  |2 20 
245 0 4 |a The American Heritage book of English usage. 
246 3 0 |a Book of English usage 
263 |a 9605 
264 1 |a Boston :  |b Houghton Mifflin,  |c [1996] 
264 4 |c ©1996 
300 |a 290 pages ;  |c 24 cm. 
336 |a text  |b txt  |2 rdacontent 
337 |a unmediated  |b n  |2 rdamedia 
338 |a volume  |b nc  |2 rdacarrier 
500 |a "Packaged by Cader Books." 
500 |a Includes indexes. 
650 0 |a English language  |x Usage. 
999 |a MARS 
999 f f |s 4c44876a-b89d-3e18-b7cb-d4ec7a317887  |i de06cb5e-4447-3248-a43a-5065b9150cec  |t 0 
952 f f |p normal  |a Texas A&M University  |b College Station  |c Sterling C. Evans Library  |d Evans: Library Stacks  |t 0  |e PE1460 .A57 1996  |h Library of Congress classification  |i unmediated -- volume  |m A14820101849 
998 f f |a PE1460 .A57 1996  |t 0  |l Evans: Library Stacks